General Knowledge 3 - Statistics

General Stats
  • This quiz has been taken 48 times
  • The average score is 6 of 15
Answer Stats
Hint Answer % Correct
What is the longest river in the world? Amazon
83%
What is the medical term for the knee cap? Patella
70%
What artist has the highest selling album of all time at 47 million certified? Michael Jackson
59%
What artefact held in the British Museum holds the key to understanding Egyptian hieroglyphs? Rosetta stone
57%
To the nearest 100m how tall is the Eiffel tower? 300
54%
What is the deepest point on earth? Mariana trench
54%
With a net worth of $112 billion who is the richest person alive? Jeff Bezos
48%
Who with 91 wins, has won the most Grand Prixs? Michael Schumacher
43%
Who was the first winner of Britains Got Talent? Paul Potts
26%
What are the first 5 digits of the number pi? 3.1415
24%
What element has the chemical symbol Sb? Antimony
20%
What is the oldest university in Europe being traced back to 1088? Bologna
17%
To the nearest hundred how many gold medals have the US won in summer olympics? 2,520
13%
What is the name for a group of goldfinches? Charm
2%
What is the name of the largest gem quality diamond ever found? Cullinan
2%
No matching quizzes found
Score Distribution
Percent of People with Each Score
Percentile by Number Answered
Your Score History
You have not taken this quiz